Too hot to handle (Record no. 117933)
[ view plain ]
| 000 -LEADER | |
|---|---|
| fixed length control field | 01294cam a2200253 4500 |
| 001 - CONTROL NUMBER | |
| control field | ABS68093 |
| 008 - FIXED-LENGTH DATA ELEMENTS--GENERAL INFORMATION | |
| fixed length control field | 040901n2004 000 0 eng u |
| 035 ## - SYSTEM CONTROL NUMBER | |
| System control number | (Sirsi) u127232 |
| 100 ## - MAIN ENTRY--PERSONAL NAME | |
| Personal name | Pearson, A. |
| 245 ## - TITLE STATEMENT | |
| Title | Too hot to handle |
| 260 ## - PUBLICATION, DISTRIBUTION, ETC. | |
| Date of publication, distribution, etc. | 2004 |
| 490 ## - SERIES STATEMENT | |
| Series statement | Building |
| Volume/sequential designation | 269(8344) 6 August 2004, 18-21(4) |
| 520 ## - SUMMARY, ETC. | |
| Summary, etc. | Reports on the effect of climate change on the country's buildings. Research by consulting engineers Arup suggests that global warming will make offices unusable between June and August, with temperatures in the worst performing offices reaching 39C. Air conditioning is only a short term solution to this as the systems themselves emit greenhouse gases that can lead to global warming in the long term. The recommendations of "Futreproofing our buildings" include smarter building management to reduce heat gain, the use of blinds and shading to reduce solar gain and the use of photovoltaics or renewable energy to minimise emissions caused by cooling. |
| 590 ## - LOCAL NOTE (RLIN) | |
| Local note | ABS |
| 590 ## - LOCAL NOTE (RLIN) | |
| Local note | ABS |
| 650 ## - SUBJECT ADDED ENTRY--TOPICAL TERM | |
| Topical term or geographic name entry element | CLIMATE CHANGE |
| 650 ## - SUBJECT ADDED ENTRY--TOPICAL TERM | |
| Topical term or geographic name entry element | BUILDING DESIGN |
| 650 ## - SUBJECT ADDED ENTRY--TOPICAL TERM | |
| Topical term or geographic name entry element | BUILDING MANAGEMENT |
| 650 ## - SUBJECT ADDED ENTRY--TOPICAL TERM | |
| Topical term or geographic name entry element | OFFICE DESIGN |
| 650 ## - SUBJECT ADDED ENTRY--TOPICAL TERM | |
| Topical term or geographic name entry element | GLOBAL WARMING |
| 650 ## - SUBJECT ADDED ENTRY--TOPICAL TERM | |
| Topical term or geographic name entry element | LOW ENERGY DESIGN |
| 690 ## - LOCAL SUBJECT ADDED ENTRY--TOPICAL TERM (OCLC, RLIN) | |
| Topical term or geographic name as entry element | BUILDING AND CONSTRUCTION-DESIGN AND STRUCTURES |
| 942 ## - ADDED ENTRY ELEMENTS (KOHA) | |
| Suppress in OPAC | 0 |
| Withdrawn status | Lost status | Source of classification or shelving scheme | Damaged status | Not for loan | Home library | Current library | Shelving location | Date acquired | Total Checkouts | Full call number | Barcode | Date last seen | Copy number | Price effective from | Koha item type |
|---|---|---|---|---|---|---|---|---|---|---|---|---|---|---|---|
| Dewey Decimal Classification | London | London | Journal article | 01/09/2004 | ABS68093 | 127232-1001 | 06/08/2019 | 1 | 06/08/2019 | Journal article |